La famiglia Serenity : il calduccio e la notte di stelle /

Guardat en:
Dades bibliogràfiques
Autor principal: Bardi, Gloria (Autor)
Altres autors: Sorge, Marinella
Format: Llibre
Idioma:italià
Publicat: [Belvedere Marittimo] : Coccole e Caccole, 2006
Col·lecció:I grandi bambini
Etiquetes: Afegir etiqueta
Sense etiquetes, Sigues el primer a etiquetar aquest registre!

MARC

LEADER 00000nam a22000007i 4500
001 IT\ICCU\UBO\3072845
003 ItRI
005 20260115231957.0
008 061019s2006 it |||||| ||||| |||||c
020 |a 8889532173 
020 |a 9788889532171 
040 |b ita  |c importazione bologna sebina 
041 7 |a ita  |2 ISO-639-2 
100 1 |a Bardi, Gloria  |0 IT\ICCU\MODV\260216  |4 aut 
245 1 3 |a La famiglia Serenity :  |b il calduccio e la notte di stelle /  |c Gloria Bardi ; illustrazioni di Marinella Sorge. 
260 |a [Belvedere Marittimo] :  |b Coccole e Caccole,  |c 2006 
300 |a 45 p. :  |b ill. ;  |c 20 cm. 
700 1 |a Sorge, Marinella  |0 IT\ICCU\TO0V\556889 
830 2 |a I grandi bambini  |0 IT\ICCU\TO0\1449583 
942 |2 ddc  |c BK  |n 0 
952 |0 0  |1 0  |4 0  |6 R_853_914000000000000_BAR  |7 0  |9 18334  |a BO  |b BO  |d 2026-01-15  |i 13107  |l 0  |o R 853.914 BAR  |p BO13107  |r 2026-01-15 23:19:57  |w 2026-01-15  |x [Sebina 5] [1 v.]  |y BK  |z 1 v. 
999 |c 15520  |d 15520